| 000 | 00679nam a2200229 i 4500 | ||
|---|---|---|---|
| 001 | 48943 | ||
| 003 | ES-MaACL | ||
| 005 | 20230906161842.0 | ||
| 007 | t| | ||
| 008 | 030702s1971 sp |||| | spa d | ||
| 080 | _a159.922.74 | ||
| 100 | 1 |
_aCorman, Louis. _940594 |
|
| 245 | 1 | 0 |
_aExamen psicológico del niño / _cLouis Corman ; [versión de Josep A. Pombo]. |
| 260 |
_aBarcelona : _bHerder, _c1971. |
||
| 300 |
_a303 p. ; _c22 cm. |
||
| 490 | 1 |
_aBiblioteca de psicología ; _v2 |
|
| 650 | 0 | 4 |
_aNiños- _xPsicología. _915554 |
| 700 | 1 |
_aPombo, Josep A. _992907 |
|
| 830 | 0 |
_aBiblioteca de psicología ; _v2 _9180745 |
|
| 852 |
_aES-MaACL _jC-44722 |
||
| 999 |
_c48943 _d48943 |
||